| 000 | 00360 a2200157 4500 | ||
|---|---|---|---|
| 001 | 70498 | ||
| 020 | _a9788589598514 | ||
| 040 | _cAnchieta - Itaigara | ||
| 100 | _aGuimarĂ£es, Beatriz Ribeiro | ||
| 240 | 1 | 0 |
_aO gigante da ilha _lpor |
| 245 | 1 | 0 | _aO gigante da ilha |
| 300 | _a36p. | ||
| 362 | 0 | _a2013 | |
| 650 | 4 | _aLiteratura infanto-juvenil | |
| 942 | _cBK | ||
| 999 |
_c70498 _d70498 |
||